Korean War Quiz - Statistics

General Stats
  • This quiz has been taken 73 times
  • The average score is 8 of 15
Answer Stats
Hint Answer % Correct
Which side started the war? The North
88%
When did the war start? 1950
86%
When did the fighting end? 1953
85%
Who ruled after Kim Il-Sung? Kim Jong-Il
83%
Who was the first leader of North Korea? Kim Il-Sung
78%
Who is the modern day ruler of North Korea? Kim Jong-Un
73%
What is the capital of North Korea? Pyongyang
68%
Who ruled Korea until the end of WWII? Japan
61%
What line of latitude divides the Korean Peninsula? The 38th parallel
47%
In what year did Japan occupy Korea? 1910
41%
What is their official names acronym? The DPRK
34%
What does the above answer stand for? Democratic People's Republic of Korea
31%
What is North Korea's nickname? The Hermit Kingdom
27%
How many people died in the war? 5 million
17%
What is the part of land between the North and South known by? The Demilitarization Zone
2%
No matching quizzes found
Score Distribution
Percent of People with Each Score
Percentile by Number Answered
Your Score History
You have not taken this quiz